| 000 | 01372cam a22003014a 4500 | ||
|---|---|---|---|
| 999 |
_c330169 _d330169 |
||
| 001 | 12801697 | ||
| 003 | NUST | ||
| 005 | 20170612120506.0 | ||
| 008 | 020604s2003 fluab b 001 0 eng | ||
| 010 | _a 2002075228 | ||
| 020 | _a1566705460 (alk. paper) | ||
| 040 |
_aDLC _cDLC _dDLC |
||
| 042 | _apcc | ||
| 050 | 0 | 0 |
_aRA1226 _b.H36 2003 |
| 082 | 0 | 0 |
_a571.95 HOF _221 |
| 245 | 0 | 0 |
_aHandbook of ecotoxicology / _cEdited by David J. Hoffman ... [et al.]. |
| 250 | _a2nd ed. | ||
| 260 |
_aBoca Raton : _bLewis Publishers, _cc2003. |
||
| 300 |
_a1290 p. : _bill., maps ; _c26 cm. |
||
| 500 | _aH.B | ||
| 504 | _aIncludes bibliographical references and index. | ||
| 650 | 0 |
_aEnvironmental toxicology. _92452 |
|
| 700 | 1 |
_aHoffman, David J. _q(David John), _d1944- _92453 |
|
| 856 | 4 | 2 |
_3Publisher description _uhttp://www.loc.gov/catdir/enhancements/fy0646/2002075228-d.html |
| 856 | 4 | 2 |
_3Book review (E-STREAMS) _uhttp://www.e-streams.com/es0609/es0609_2757.html |
| 906 |
_a7 _bcbc _corignew _d1 _eocip _f20 _gy-gencatlg |
||
| 942 |
_2ddc _cBK _k571.95 HOF |
||